Mo kể chuyện đẻ đất đẻ nước
Giới thiệu về tác phẩm văn học dân gian mang tính sử thi của dân tộc Mường. Phản ánh nhân sinh quan, thế giới quan qua quá trình hình thành và phát triển của người Mường trước khi xã hội có sự phân chia giai cấp
Enregistré dans:
| Auteur principal: | |
|---|---|
| Format: | Livre |
| Langue: | Vietnamese |
| Publié: |
H.
Khoa học xã hội
2011
|
| Collection: | ĐTTS ghi: Hội văn nghệ dân gian Việt Nam
|
| Tags: |
Ajouter un tag
Pas de tags, Soyez le premier à ajouter un tag!
|
| Thư viện lưu trữ: | Mạng thư viện Đại học Đà Nẵng |
|---|
| LEADER | 00983nam a2200265 4500 | ||
|---|---|---|---|
| 001 | 000016048 | ||
| 003 | 12437 | ||
| 005 | 20120717110706.0 | ||
| 008 | 120717s2011 viesd | ||
| 041 | 0 | |a vie | |
| 082 | |a 398.209597 |b ĐI-Â | ||
| 100 | 0 | |a Đinh Văn Ân | |
| 245 | 0 | |a Mo kể chuyện đẻ đất đẻ nước |c Đinh Văn Ân | |
| 260 | |a H. |b Khoa học xã hội |c 2011 | ||
| 300 | |a 386 tr. |c 21 cm. | ||
| 490 | |a ĐTTS ghi: Hội văn nghệ dân gian Việt Nam | ||
| 520 | |a Giới thiệu về tác phẩm văn học dân gian mang tính sử thi của dân tộc Mường. Phản ánh nhân sinh quan, thế giới quan qua quá trình hình thành và phát triển của người Mường trước khi xã hội có sự phân chia giai cấp | ||
| OWN | |a LSP | ||
| 999 | |a From the UDN01 | ||
| TYP | |a Monograph | ||
| TYP | |a Printed language | ||
| 980 | |a Mạng thư viện Đại học Đà Nẵng | ||